000 01145nam a22002057a 4500
999 _c62505
_d62505
003 Ge_BSU
005 20241119144620.0
008 241119s1984 ge ||||| |||| 00| 0 geo d
041 _ageo
080 _a612(076.5):591.1(076.5)მ-43
100 _aმაჭარაშვილი, დ.
_923743
245 _aადამიანისა და ცხოველთა ფიზიოლოგიის პრაქტიკუმი :
_b [დამხმ. სახელმძღვ. ფიზიკური კულტურის ინ-ტის სტუდენტთათვის] /
_cდ. მაჭარაშვილი
264 _aთბილსი:
_bგანათლება,
_c 1984.
300 _a127გვ. :
_bილ. ;
_c19 სმ.
653 _aადამიანის ფიზიოლოგია.
653 _aცხოველთა ფიზიოლოგია
653 _aმედიცინა
856 _uhttps://dspace.nplg.gov.ge/bitstream/1234/434853/1/AdamianisaDaCxoveltaFiziologiisPraqtikumi_1984.pdf
_yელექტრონული ვერსია
942 _2udc
_cBK